F movies - Statistics

General Stats
  • This quiz has been taken 40 times
  • The average score is 8 of 17
Answer Stats
Picture Answer % Correct
Finding Nemo
92%
Frozen
92%
Fifty shades of grey
76%
Fantasia
70%
Fantastic four
70%
Free Willy
70%
Fantastic mr fox
68%
Father of the bride
62%
Fantastic beasts and where to find them
54%
Ferdinand
46%
Five nights at Freddy’s
38%
Field of dreams
32%
A fish called Wanda
24%
Five feet apart
16%
Fighting with my family
8%
First daughter
8%
The Flintstones in Viva Rock Vegas
3%
No matching quizzes found
Score Distribution
Percent of People with Each Score
Percentile by Number Answered
Your Score History
You have not taken this quiz